Złota Piłka 2019 - Top 10 - Statystyki

Ogólne statystyki
  • Ten quiz został rozwiązany 567 razy
  • Średni wynik to 9 z 10
Statystyki odpowiedzi
Lp. Klub Kraj Zawodnik % Poprawnych
1 Barcelona Argentyna Lionel Messi
100%
3 Juventus Portugalia Cristiano Ronaldo
99%
5 Liverpool Egipt Mohamed Salah
99%
8 Bayern Polska Robert Lewandowski
99%
6 PSG Francja Kylian Mbappe
98%
4 Liverpool Senegal Sadio Mane
97%
2 Liverpool Holandia Virgil Van Dijk
94%
10 Man City Algieria Riyad Mahrez
86%
9 Man City Portugalia Bernardo Silva
85%
7 Liverpool Brazylia Alisson
73%
Nie znaleziono quizów pasujących do podanych kryteriów
Rozkład punktacji
Procent ludzi z każdym wynikiem
Percentyl według liczby udzielonych odpowiedzi
Twoja historia wyników
Nie rozwiązałeś tego quizu